000 00806nam a22003010a 4500
001 PT56578
003 AR-LpoUNG
005 20210131231746.0
008 191001s2014||||ag |||||||||||||||||spa d
020 _a9789875737587
_c$14,45
040 _aAR-LpoUNG
_bspa
_cAR-LpoUNG
_eaacr
041 _aspa
044 _aag
082 0 _a808.068 3 298luc
100 1 _aBasch, Adela
245 1 0 _aA Luciano se le va la mano
250 _a1ra. ed., 2da. reimpr.
260 _aBuenos Aires :
_bSM,
_c2014.
300 _a37 p. :
_bil.
505 0 _aSugerido a partir de 6 aƱos (etiqueta AMARILLA)
650 4 _aCUENTOS
650 4 _aLITERATURA
651 4 _aDOCUMENTOS TEORICOS O METODOLOGICOS
653 _aLITERATURA INFANTIL
700 1 _aMartin, Mariano
_eil.
905 _a56578
942 _cLIB
999 _c11803
_d11803